Produce 101 - Statistics

General Stats
  • This quiz has been taken 7 times
  • The average score is 12 of 101
Answer Stats
Hint Answer % Correct
EX i.o.i/ Soloist Jeon Somi
86%
EX i.o.i/ EX GUGUDAN/ Actress Kang Mina
86%
EX i.o.i/ Soloist Kim Chungha
86%
(G)I-DLE Jeon Soyeon
71%
EX i.o.i/ DIA/ Actress Jung Chaeyeon
57%
EX i.o.i/ EX WEKI MEKI Kim Doyeon
57%
EX i.o.i/ WJSN Yoo Yeonjung
57%
EX i.o.i/ EX WEKI MEKI/ Soloist Choi Yoojung
43%
Soloist Hwang Ayoung
43%
EX i.o.i/ EX GUGUDAN/ Soloist/ Actress Kim Sejeong
43%
EX Nature Kim Sohee
43%
EX i.o.i/ Actress Kim Sohye
43%
EX CLC/ Actress Kwon Eunbin
43%
EX PRISTIN/ Actress Park Siyeon
43%
EX i.o.i/ EX PRISTIN/ Actress Zhou Jieqiong
43%
EX PRISTIN/ EX HINAPIA/ Model/ Actress Jung Eunwoo
29%
EX GUGUDAN/ Actress Kim Nayoung
29%
Other Lee Suhyeon
29%
EX i.o.i/ EX PRISTIN/ Actress Lim Nayoung
29%
Soloist Park Soyeon
29%
Other Ariyoshi Risa
14%
Soloist Choi Eunbin
14%
EX H.U.B Im Hyosun
14%
Singer Kang Sira
14%
Other Kim Dani
14%
Soloist Kim Juna
14%
EVERGLOW Kim Sihyeon
14%
EX MOMOLAND Kim Taeha
14%
EX ARIAZ Kim Yunji
14%
Soloist Lee Haein
14%
EX Playback Ma Eunjin
14%
Dancer/ Model Yu Sua
14%
Soloist/ Youtuber An Yeseul
0%
Other An Yumi
0%
Trainee Bang Joonhee
0%
EX Nature Choi Yubin
0%
Actress Cho Shiyoon
0%
Actress Chu Yaejin
0%
EX PRISM Ham Yeji
0%
Soloist Han Hyeri
0%
Other Han Jiyeon
0%
EX A.DE/ Fashion business owner Heo Saem
0%
Soloist Huh Chanmi
0%
Soloist Hwang Insun
0%
Other Hwang Riyu
0%
Soloist/ Youtuber Hwang Seyoung
0%
Dancer Hwang Sooyeon
0%
Soloist Im Kyungha
0%
EX WEKI MEKI Jung Haerim
0%
EX PRISTIN/ EX HINAPIA/ Model Kang Kyungwon
0%
EX ARIAZ Kang Sihyeon
0%
Content Creator Kang Siwon
0%
EX PRISTIN/ EX HINAPIA/ Model Kang Yaebin
0%
Other Katherine Lee
0%
DIA/ Actress Ki Huihyeon
0%
DJ Kim Boseon
0%
Hashtag Kim Dajeong
0%
Trainee Kim Dohee
0%
Soloist/ Model Kim Hayun
0%
Actress Kim Hongeun
0%
Soloist/ Other Kim Hyungeun
0%
EX 1NB/ Model Kim Jayeon
0%
Actress Kim Jisung
0%
EX ONAIR Kim Minji
0%
Trainee Kim Minjung
0%
EX PRISTIN/ EX HINAPIA/ Model Kim Minkyeung
0%
Other Kim Miso
0%
EX GWSN Kim Seokyoung
0%
Singer Kim Seola
0%
EX AQUA Kim Sihyun
0%
Trainee Kim Solee
0%
Billlie Kim Suhyun
0%
Soloist/ DJ Kim Woojung
0%
Soloist Kim Yeonkyung
0%
EX FANATICS Lee Chaelin
0%
Model Lee Jinhee
0%
EX GIRLKIND Lee Seheun
0%
EX WEKI MEKI Lee Seojeong
0%
Other Lee Soomin
0%
Soloist/ Model/ Actress Lee Suhyun
0%
Other Lee Younseo
0%
EX LUNARSOLAR Lim Jungmin
0%
Model Moon Hyunju
0%
Trainee Nam Sujin
0%
Other Ng Sze Kai
0%
Soloist/ Youtuber Niwa Shiori
0%
Other Oh Han Areum
0%
Actress Oh Seojung
0%
FAVORITE Park Gaeul
0%
Soloist Park Haeyoung
0%
Soloist/ Actress Park Hayi
0%
Secret Number Park Minji
0%
Other Park Sehee
0%
Actress Pyun Kangyoon
0%
Other Seo Hyelin
0%
Actress/ Model Seong Hyemin
0%
Other Shim Chaeeun
0%
Other Shin Hyehyun
0%
EX April/ Actress Yoon Chaekyung
0%
Actress Yoon Seohyung
0%
Trainee Yun Yudam
0%
No matching quizzes found
Score Distribution
Percent of People with Each Score
Percentile by Number Answered
Your Score History
You have not taken this quiz